000 00236nam a2200109Ia 4500
008 190216s9999||||xx |||||||||||||| ||und||
100 _aShudrakan
245 0 _aMrichakadikam
260 _bMaster Books
650 _aNadakam
942 _cBK
999 _c25466
_d25466